Travis Scott - Wszystkie albumy - Statystyki

Ogólne statystyki
  • Ten quiz został rozwiązany 137 razy
    38 od ostatniego zresetowania
  • Średni wynik to 7 z 8
Statystyki odpowiedzi
Hint Odpowiedź % Poprawnych
2018 Astroworld
100%
2014 Days Before Rodeo
97%
2015 Rodeo
97%
2023 UTOPIA
97%
2019 JACKBOYS
91%
2025 JACKBOYS 2
91%
2016 Birds in the Trap Sing McKnight
77%
2017 Huncho Jack, Jack Huncho
71%
Nie znaleziono quizów pasujących do podanych kryteriów
Rozkład punktacji
Procent ludzi z każdym wynikiem
Percentyl według liczby udzielonych odpowiedzi
Twoja historia wyników
Nie rozwiązałeś tego quizu od ostatniego zresetowania